Formule 1 - Pilotes australiens - Statistiques

Statistiques générales
  • Ce quiz a été pris 92 fois
  • Le résultat moyen est 6 sur 12
Statistiques - réponses
Par images Réponse % Correct
Daniel Ricciardo
100%
Oscar Piastri
98%
Jack Doohan
93%
Mark Webber
90%
Jack Brabham
60%
David Brabham
57%
Alan Jones
55%
David Walker
10%
Frank Gardner
7%
Tim Schenken
7%
Larry Perkins
5%
Vern Schuppan
0%
Aucun quiz correspondant
Distribution des résultats
% des personnes avec chaque résultat
Percentile par nombre de réponses
Votre historique - résultats
Vous n’avez pas pris ce quiz